[Event "Gibraltar ChallWk2 11th"]
[Site "Gibraltar"]
[Date "2013.01.29"]
[Round "4.19"]
[White "Kvisla, Johannes Luangtep"]
[Black "Onabogun, Kolade"]
[Result "0-1"]
[WhiteElo "2148"]
[BlackElo "1978"]
[PlyCount "122"]
[EventDate "2013.01.26"]
[EventType "swiss"]
[EventRounds "5"]
[EventCountry "GGB"]
[SourceTitle "BritBase"]
[Source "www.saund.co.uk"]
[SourceDate "2018.02.10"]
[SourceVersion "1"]
[SourceVersionDate "2018.02.10"]
[SourceQuality "1"]

1. e4 c5 2. Nc3 Nc6 3. f4 g6 4. Nf3 Bg7 5. a3 e6 6. b4 b6 7. e5 d5 8. Nb5 Bf8
9. c4 a6 10. cxd5 exd5 11. Nc3 c4 12. d4 b5 13. g3 Nh6 14. Bg2 Nf5 15. O-O Be6
16. g4 Nfe7 17. Ng5 Qd7 18. Nxe6 fxe6 19. a4 Rb8 20. axb5 axb5 21. f5 gxf5 22.
gxf5 Nxf5 23. Nxd5 exd5 24. Qh5+ Qf7 25. Qxf7+ Kxf7 26. Rxf5+ Ke8 27. Bxd5 Nxd4
28. Bf7+ Kd8 29. Rf2 Bxb4 30. Be3 Nc6 31. e6 Kc7 32. Bf4+ Bd6 33. Bxd6+ Kxd6
34. Rd1+ Kc5 35. Re1 Ne7 36. Rd2 Rhd8 37. Re5+ Kc6 38. Ra2 Ra8 39. Rb2 Rab8 40.
Bh5 c3 41. Ra2 Kd6 42. Re3 b4 43. Ra6+ Kc5 44. Ra5+ Kd4 45. Re2 b3 46. Rae5 Rd5
47. R5e4+ Kc5 48. Bf3 c2 49. Re1 b2 50. R4e2 c1=Q 51. Bxd5 Nxd5 52. e7 Qg5+ 53.
Kh1 b1=Q 54. e8=Q Rxe8 55. Rxe8 Qxe1+ 56. Rxe1 Ne3 57. Re2 Kd4 58. h4 Qxh4+ 59.
Kg1 Qg3+ 60. Kh1 Qf3+ 61. Rg2 Qxg2# 0-1

[Event "Gibraltar ChallWk2 11th"]
[Site "Gibraltar"]
[Date "2013.01.29"]
[Round "4.20"]
[White "Hamer, Martyn"]
[Black "Byrn, Carsten"]
[Result "1/2-1/2"]
[WhiteElo "2025"]
[BlackElo "2114"]
[PlyCount "45"]
[EventDate "2013.01.26"]
[EventType "swiss"]
[EventRounds "5"]
[EventCountry "GGB"]
[SourceTitle "BritBase"]
[Source "www.saund.co.uk"]
[SourceDate "2018.02.10"]
[SourceVersion "1"]
[SourceVersionDate "2018.02.10"]
[SourceQuality "1"]

1. Nf3 Nf6 2. c4 g6 3. g3 Bg7 4. Bg2 O-O 5. O-O d5 6. cxd5 Nxd5 7. Nc3 Nb6 8.
d3 Nc6 9. Be3 e5 10. a4 a5 11. Bxb6 cxb6 12. Nd2 Be6 13. Nc4 Rb8 14. Nb5 Bxc4
15. dxc4 Qe7 16. Qb3 Rfd8 17. Bd5 Bf8 18. e3 Kg7 19. Rfd1 Qb4 20. Qxb4 Bxb4 21.
Kf1 f5 22. Ke2 Kf6 23. e4 1/2-1/2

[Event "Gibraltar ChallWk2 11th"]
[Site "Gibraltar"]
[Date "2013.01.29"]
[Round "4.21"]
[White "Cichy, Michael"]
[Black "Poulsen, Klaus E"]
[Result "1/2-1/2"]
[WhiteElo "2014"]
[BlackElo "2113"]
[PlyCount "107"]
[EventDate "2013.01.26"]
[EventType "swiss"]
[EventRounds "5"]
[EventCountry "GGB"]
[SourceTitle "BritBase"]
[Source "www.saund.co.uk"]
[SourceDate "2018.02.10"]
[SourceVersion "1"]
[SourceVersionDate "2018.02.10"]
[SourceQuality "1"]

1. d4 Nf6 2. Nf3 c5 3. d5 e6 4. Nc3 b5 5. dxe6 fxe6 6. Nxb5 d5 7. e3 a6 8. Nc3
Bd6 9. Be2 O-O 10. O-O Nc6 11. e4 d4 12. e5 Nxe5 13. Nxe5 Bxe5 14. f4 Bd6 15.
Bf3 Ra7 16. Ne4 Nxe4 17. Bxe4 Raf7 18. g3 Kh8 19. Qh5 g5 20. Bd2 gxf4 21. Bxf4
Bxf4 22. Rxf4 Qe7 23. Qe5+ Kg8 24. Raf1 Rxf4 25. Rxf4 Rxf4 26. gxf4 Qg7+ 27.
Kf2 Qxe5 28. fxe5 Bd7 29. Bd3 a5 30. a3 h6 31. Kf3 Kg7 32. Kf4 Be8 33. c3 dxc3
34. bxc3 Bg6 35. Be2 Kf7 36. Bg4 Ke7 37. Kg3 Bf7 38. Bd1 Be8 39. Bb3 Bc6 40.
Kh4 Bf3 41. Bc4 Bd5 42. Bb5 Kf7 43. Kh5 Kg7 44. Bd3 Bb3 45. Kg4 Bd1+ 46. Kf4
Bh5 47. Bc2 Bg6 48. Ba4 Bf5 49. Bb5 Kf7 50. Kg3 Bc2 51. Kg4 Bd1+ 52. Kh4 Bc2
53. Kg4 Bf5+ 54. Kh4 1/2-1/2

[Event "Gibraltar ChallWk2 11th"]
[Site "Gibraltar"]
[Date "2013.01.29"]
[Round "4.22"]
[White "Gonzalvez Perales, Jose Luis"]
[Black "Gieritz, Dietmar"]
[Result "1-0"]
[WhiteElo "1984"]
[BlackElo "2112"]
[PlyCount "41"]
[EventDate "2013.01.26"]
[EventType "swiss"]
[EventRounds "5"]
[EventCountry "GGB"]
[SourceTitle "BritBase"]
[Source "www.saund.co.uk"]
[SourceDate "2018.02.10"]
[SourceVersion "1"]
[SourceVersionDate "2018.02.10"]
[SourceQuality "1"]

1. e4 e6 2. d4 d5 3. Bd3 Nf6 4. e5 Nfd7 5. Nf3 c5 6. c3 Be7 7. O-O O-O 8. Re1
Qb6 9. Bc2 Re8 10. dxc5 Bxc5 11. Bxh7+ Kxh7 12. Ng5+ Kg6 13. Qd3+ f5 14. exf6+
Kxf6 15. Qf3+ Ke7 16. Qf7+ Kd8 17. Nxe6+ Rxe6 18. Rxe6 Bxf2+ 19. Kh1 Qxe6 20.
Qxe6 Bh4 21. Qg8+ 1-0

[Event "Gibraltar ChallWk2 11th"]
[Site "Gibraltar"]
[Date "2013.01.29"]
[Round "4.24"]
[White "Dasaolu, Rotimi"]
[Black "Davey, Mark"]
[Result "0-1"]
[WhiteElo "2115"]
[BlackElo "1990"]
[PlyCount "82"]
[EventDate "2013.01.26"]
[EventType "swiss"]
[EventRounds "5"]
[EventCountry "GGB"]
[SourceTitle "BritBase"]
[Source "www.saund.co.uk"]
[SourceDate "2018.02.10"]
[SourceVersion "1"]
[SourceVersionDate "2018.02.10"]
[SourceQuality "1"]

1. e4 e5 2. Nf3 Nc6 3. Bc4 Nf6 4. d3 Bc5 5. O-O d6 6. Be3 Bg4 7. Nbd2 O-O 8. h3
Bh5 9. Re1 Re8 10. Nf1 Nd4 11. g4 Nxf3+ 12. Qxf3 Bg6 13. Bg5 c6 14. Bb3 Qe7 15.
Ng3 Rad8 16. h4 h6 17. Bc1 Qd7 18. h5 Bh7 19. g5 hxg5 20. Bxg5 Qg4 21. Qxg4
Nxg4 22. Rf1 Rd7 23. Kg2 Kh8 24. Kh3 Nxf2+ 25. Kg2 f6 26. Bd2 Ng4 27. Nf5 Bxf5
28. Rxf5 Be3 29. Kf3 Bxd2 30. Kxg4 Bf4 31. Rh1 Kh7 32. h6 Bxh6 33. Rfh5 Rde7
34. R5h3 Rd8 35. Kf5 d5 36. Rxh6+ gxh6 37. Kxf6 Rg7 38. exd5 cxd5 39. Kxe5 Rg5+
40. Kd4 h5 41. Re1 Rd7 0-1

[Event "Gibraltar ChallWk2 11th"]
[Site "Gibraltar"]
[Date "2013.01.29"]
[Round "4.25"]
[White "Uran Bermudez, Oliver Kevin"]
[Black "Suez-Panama, Gilles"]
[Result "1-0"]
[WhiteElo "2113"]
[BlackElo "1989"]
[PlyCount "89"]
[EventDate "2013.01.26"]
[EventType "swiss"]
[EventRounds "5"]
[EventCountry "GGB"]
[SourceTitle "BritBase"]
[Source "www.saund.co.uk"]
[SourceDate "2018.02.10"]
[SourceVersion "1"]
[SourceVersionDate "2018.02.10"]
[SourceQuality "1"]

1. e4 e6 2. d4 d5 3. Nd2 Nf6 4. e5 Nfd7 5. Bd3 c5 6. c3 Nc6 7. Ne2 cxd4 8. cxd4
f6 9. Nf4 Nxd4 10. Qh5+ Ke7 11. Ng6+ hxg6 12. exf6+ Nxf6 13. Qxh8 Kf7 14. O-O
e5 15. Nb3 Nxb3 16. axb3 Bf5 17. Bxf5 gxf5 18. Bg5 Bc5 19. Qh3 Qd7 20. Bxf6
Kxf6 21. b4 Bb6 22. Rac1 Rd8 23. Rc3 Qf7 24. Rfc1 Qd7 25. Qh4+ Ke6 26. Rg3 Qf7
27. Qh7 Kf6 28. Qh4+ Ke6 29. Qg5 Rd7 30. h4 d4 31. h5 Bd8 32. Qd2 Qxh5 33. Qc2
Qf7 34. Qc8 Bb6 35. Rh3 Ke7 36. Qb8 Qd5 37. Rh8 Kf6 38. Rf8+ Rf7 39. Rxf7+ Qxf7
40. Rc8 Qe7 41. Rf8+ Kg6 42. Qc8 Qxf8 43. Qxf8 e4 44. Kf1 d3 45. g4 1-0

[Event "Gibraltar ChallWk2 11th"]
[Site "Gibraltar"]
[Date "2013.01.29"]
[Round "4.26"]
[White "Samu, Sorin-Mihai"]
[Black "Adebajo, Olufemi"]
[Result "0-1"]
[WhiteElo "2095"]
[BlackElo "1949"]
[PlyCount "132"]
[EventDate "2013.01.26"]
[EventType "swiss"]
[EventRounds "5"]
[EventCountry "GGB"]
[SourceTitle "BritBase"]
[Source "www.saund.co.uk"]
[SourceDate "2018.02.10"]
[SourceVersion "1"]
[SourceVersionDate "2018.02.10"]
[SourceQuality "1"]

1. e4 c5 2. Nc3 Nc6 3. Nf3 g6 4. d4 cxd4 5. Nxd4 Bg7 6. Be3 d6 7. Be2 Nf6 8. f3
O-O 9. Qd2 Bd7 10. g4 Rc8 11. g5 Nh5 12. O-O-O Ne5 13. Kb1 Nc4 14. Bxc4 Rxc4
15. Nde2 Be6 16. Nd5 b6 17. b3 Rc8 18. Bd4 Bxd5 19. exd5 Qd7 20. Bxg7 Nxg7 21.
h4 Qf5 22. Qd3 Rc5 23. Qe4 Rfc8 24. Rd2 Re8 25. Ng3 Qxe4 26. Nxe4 Rc7 27. a4
Nh5 28. Re1 Kf8 29. c4 f6 30. Kb2 f5 31. Nc3 a6 32. Rd4 Kf7 33. Na2 a5 34. Nc3
Rh8 35. Nb5 Rd7 36. Kc3 h6 37. gxh6 Rxh6 38. b4 Nf6 39. Na3 Rd8 40. bxa5 bxa5
41. Rb1 Rdh8 42. Rb5 Rxh4 43. Rxa5 Rh3 44. Rd3 Nd7 45. Ra7 Ne5 46. Re3 Kf6 47.
a5 f4 48. Rxe5 Rxf3+ 49. Kb4 dxe5 50. Nb5 Rd3 51. Ra6+ Kf5 52. Re6 f3 53. Rxe7
Rf8 54. Nd6+ Kf4 55. Rh7 f2 56. Rh1 Kf3 57. a6 Kg2 58. Ra1 f1=Q 59. Rxf1 Kxf1
60. a7 g5 61. Nf7 g4 62. Nxe5 g3 63. Nxd3 g2 64. Ne5 g1=Q 65. Nc6 Qb6+ 66. Ka4
Ke2 0-1

[Event "Gibraltar ChallWk2 11th"]
[Site "Gibraltar"]
[Date "2013.01.29"]
[Round "4.27"]
[White "Kandic, Milan"]
[Black "Haddock, Paul"]
[Result "1-0"]
[WhiteElo "2090"]
[BlackElo "1674"]
[PlyCount "23"]
[EventDate "2013.01.26"]
[EventType "swiss"]
[EventRounds "5"]
[EventCountry "GGB"]
[SourceTitle "BritBase"]
[Source "www.saund.co.uk"]
[SourceDate "2018.02.10"]
[SourceVersion "1"]
[SourceVersionDate "2018.02.10"]
[SourceQuality "1"]

1. e4 e5 2. d4 exd4 3. Nf3 Nc6 4. Bc4 Bb4+ 5. c3 dxc3 6. bxc3 Bxc3+ 7. Nxc3 Nf6
8. e5 Qe7 9. O-O Qc5 10. exf6 Qxc4 11. fxg7 Rg8 12. Re1+ 1-0

[Event "Gibraltar ChallWk2 11th"]
[Site "Gibraltar"]
[Date "2013.01.29"]
[Round "4.28"]
[White "Canonne, Antoine"]
[Black "Reppen, Ellisiv"]
[Result "1/2-1/2"]
[WhiteElo "2002"]
[BlackElo "2005"]
[PlyCount "129"]
[EventDate "2013.01.26"]
[EventType "swiss"]
[EventRounds "5"]
[EventCountry "GGB"]
[SourceTitle "BritBase"]
[Source "www.saund.co.uk"]
[SourceDate "2018.02.10"]
[SourceVersion "1"]
[SourceVersionDate "2018.02.10"]
[SourceQuality "1"]

1. e4 e5 2. Nc3 Nf6 3. f4 d5 4. fxe5 Nxe4 5. d3 Nxc3 6. bxc3 d4 7. Nf3 Nc6 8.
cxd4 Nxd4 9. c3 Nxf3+ 10. Qxf3 Qh4+ 11. g3 Qg4 12. Bg2 c6 13. a4 a5 14. O-O
Qxf3 15. Bxf3 Be7 16. Kg2 O-O 17. d4 Be6 18. Rb1 Rab8 19. Rf2 Rfc8 20. Be3 b5
21. Ra1 b4 22. cxb4 axb4 23. a5 b3 24. Rb2 Bb4 25. Bd2 Bxd2 26. Rxd2 Ra8 27.
Rb2 h6 28. g4 Ra7 29. d5 Bxd5 30. Bxd5 cxd5 31. Rxb3 Rc5 32. a6 Rc6 33. Rb8+
Kh7 34. Rd8 Raxa6 35. Rxa6 Rxa6 36. Rxd5 Ra2+ 37. Kg3 Re2 38. h4 g6 39. Kf3 Rh2
40. Kg3 Ra2 41. Rd7 Kg8 42. Rd6 Ra3+ 43. Kf4 Ra4+ 44. Kg3 Re4 45. Rd5 Kf8 46.
Kf3 Ra4 47. Rd6 Ra3+ 48. Kf4 Rh3 49. h5 gxh5 50. Rxh6 hxg4 51. Rf6 Ke7 52. Kxg4
Re3 53. Kf4 Re1 54. Ra6 Rd1 55. Ke4 Rd7 56. Rh6 Rd1 57. Ra6 Re1+ 58. Kd5 Rd1+
59. Ke4 Re1+ 60. Kf5 Rf1+ 61. Kg5 Rf2 62. Kg4 Re2 63. Kf5 Rf2+ 64. Ke4 Re2+ 65.
Kd5 1/2-1/2

[Event "Gibraltar ChallWk2 11th"]
[Site "Gibraltar"]
[Date "2013.01.29"]
[Round "4.29"]
[White "Perez Garcia, Alejandro"]
[Black "Ramirez Dominguez, Agustin"]
[Result "1-0"]
[WhiteElo "1938"]
[BlackElo "2115"]
[PlyCount "65"]
[EventDate "2013.01.26"]
[EventType "swiss"]
[EventRounds "5"]
[EventCountry "GGB"]
[SourceTitle "BritBase"]
[Source "www.saund.co.uk"]
[SourceDate "2018.02.10"]
[SourceVersion "1"]
[SourceVersionDate "2018.02.10"]
[SourceQuality "1"]

1. Nf3 d5 2. g3 c5 3. Bg2 Nc6 4. d4 cxd4 5. Nxd4 e5 6. Nxc6 bxc6 7. O-O Nf6 8.
c4 Be6 9. Qa4 Bd7 10. Rd1 Qb6 11. Na3 Bc5 12. e3 O-O 13. Nc2 Bg4 14. f3 Be6 15.
b4 Be7 16. c5 Qc7 17. Qa6 Bc8 18. Qe2 a5 19. a3 Ba6 20. Qf2 Rfb8 21. Bd2 Bc4
22. Bc3 Bb3 23. Rdb1 axb4 24. axb4 Bc4 25. Bf1 Bxf1 26. Qxf1 Nd7 27. Rxa8 Rxa8
28. Ra1 Rb8 29. Qa6 f5 30. Qa7 Rb7 31. Qa8+ Kf7 32. Qa2 f4 33. e4 1-0

[Event "Gibraltar ChallWk2 11th"]
[Site "Gibraltar"]
[Date "2013.01.29"]
[Round "4.30"]
[White "Brokko, Margit"]
[Black "Romero Valencia, Fernando"]
[Result "1-0"]
[WhiteElo "2073"]
[BlackElo "1961"]
[PlyCount "109"]
[EventDate "2013.01.26"]
[EventType "swiss"]
[EventRounds "5"]
[EventCountry "GGB"]
[SourceTitle "BritBase"]
[Source "www.saund.co.uk"]
[SourceDate "2018.02.10"]
[SourceVersion "1"]
[SourceVersionDate "2018.02.10"]
[SourceQuality "1"]

1. e4 d6 2. d4 Nf6 3. Nc3 Nbd7 4. f4 e5 5. f5 d5 6. exd5 e4 7. Bg5 Bb4 8. Bb5
O-O 9. Nge2 h6 10. Bh4 a6 11. Bxd7 Bxd7 12. O-O Re8 13. Ng3 Bb5 14. Re1 Bxc3
15. bxc3 Qxd5 16. Bxf6 gxf6 17. Nh5 Qxf5 18. Ng3 Qg6 19. d5 f5 20. Qd4 h5 21.
c4 Bd7 22. Rf1 b6 23. Rae1 Kh7 24. Rf4 Qg5 25. Ref1 Rg8 26. R1f2 e3 27. Qxe3
Rae8 28. Qc3 Kg6 29. h4 Qe7 30. Nxf5 Qe1+ 31. Qxe1 Rxe1+ 32. Kh2 Rge8 33. Ng3
R8e7 34. Rf6+ Kg7 35. Nxh5+ Kg8 36. Ng3 R1e5 37. h5 Bg4 38. h6 Bh5 39. Nxh5
Rxh5+ 40. Kg3 Rg5+ 41. Kh4 Rg6 42. Rxg6+ fxg6 43. Rf6 Kh7 44. Re6 Rf7 45. Kg5
Rf5+ 46. Kg4 Rf7 47. c5 bxc5 48. Rc6 Rf2 49. Rxc5 Rxg2+ 50. Kf3 Rg5 51. Rxc7+
Kxh6 52. c4 Rf5+ 53. Ke3 Rf1 54. d6 g5 55. Ke2 1-0

[Event "Gibraltar ChallWk2 11th"]
[Site "Gibraltar"]
[Date "2013.01.29"]
[Round "4.31"]
[White "Campbell, Ian"]
[Black "Georgieva, Emilia"]
[Result "1-0"]
[WhiteElo "1998"]
[BlackElo "1949"]
[PlyCount "53"]
[EventDate "2013.01.26"]
[EventType "swiss"]
[EventRounds "5"]
[EventCountry "GGB"]
[SourceTitle "BritBase"]
[Source "www.saund.co.uk"]
[SourceDate "2018.02.10"]
[SourceVersion "1"]
[SourceVersionDate "2018.02.10"]
[SourceQuality "1"]

1. Nf3 c6 2. d4 d5 3. e3 Nf6 4. Nbd2 Bg4 5. h3 Bf5 6. Bd3 Bxd3 7. cxd3 e6 8.
O-O Be7 9. Qe2 O-O 10. e4 Na6 11. Nb3 b6 12. Bg5 Nd7 13. Be3 Rc8 14. Rac1 Kh8
15. a3 Nab8 16. Rc2 c5 17. Rfc1 Na6 18. exd5 exd5 19. dxc5 bxc5 20. Nxc5 Naxc5
21. d4 Rc6 22. dxc5 Qc8 23. b4 Rg6 24. Qd3 Qc6 25. Bd4 Qe6 26. Re2 Qxh3 27.
Qxg6 1-0

[Event "Gibraltar ChallWk2 11th"]
[Site "Gibraltar"]
[Date "2013.01.29"]
[Round "4.32"]
[White "Smith, Andrew Philip"]
[Black "Meyer, Thorlejf"]
[Result "1-0"]
[WhiteElo "2175"]
[BlackElo "1944"]
[PlyCount "43"]
[EventDate "2013.01.26"]
[EventType "swiss"]
[EventRounds "5"]
[EventCountry "GGB"]
[SourceTitle "BritBase"]
[Source "www.saund.co.uk"]
[SourceDate "2018.02.10"]
[SourceVersion "1"]
[SourceVersionDate "2018.02.10"]
[SourceQuality "1"]

1. e4 c5 2. Nf3 Nc6 3. d4 cxd4 4. Nxd4 Nf6 5. Nc3 h6 6. f4 d6 7. Be3 e6 8. Be2
Be7 9. O-O O-O 10. Nb3 b6 11. Bf3 Bb7 12. Qe2 Qb8 13. Rad1 Nd7 14. Kh1 a5 15.
a4 Ba6 16. Nb5 Nc5 17. Nxc5 bxc5 18. c4 e5 19. fxe5 dxe5 20. Rd7 Bc8 21. Rc7
Bb7 22. Bh5 1-0

[Event "Gibraltar ChallWk2 11th"]
[Site "Gibraltar"]
[Date "2013.01.29"]
[Round "4.33"]
[White "Welch, David"]
[Black "Gravett, Alan D"]
[Result "1-0"]
[WhiteElo "1612"]
[BlackElo "1869"]
[PlyCount "61"]
[EventDate "2013.01.26"]
[EventType "swiss"]
[EventRounds "5"]
[EventCountry "GGB"]
[SourceTitle "BritBase"]
[Source "www.saund.co.uk"]
[SourceDate "2018.02.10"]
[SourceVersion "1"]
[SourceVersionDate "2018.02.10"]
[SourceQuality "1"]

1. Nf3 Nf6 2. c4 c5 3. Nc3 Nc6 4. g3 g6 5. Bg2 Bg7 6. O-O O-O 7. d3 d6 8. Bd2
a6 9. Rb1 Rb8 10. a3 b5 11. cxb5 axb5 12. b4 cxb4 13. axb4 Ng4 14. Qc1 Nge5 15.
Nxe5 Nxe5 16. Bh6 f6 17. Bxg7 Kxg7 18. d4 Ng4 19. h3 Nh6 20. e4 Be6 21. d5 Bd7
22. Qe3 Qc8 23. Kh2 Ra8 24. Ra1 Qc4 25. Ra7 Bxh3 26. Rxe7+ Rf7 27. Rxf7+ Kxf7
28. Qxh6 Bxg2 29. Qxh7+ Kf8 30. Kxg2 Ra3 31. Rh1 1-0

[Event "Gibraltar ChallWk2 11th"]
[Site "Gibraltar"]
[Date "2013.01.30"]
[Round "5.1"]
[White "Olhovik, Andrei"]
[Black "Sanchez Botella, Luis Javier"]
[Result "1-0"]
[WhiteElo "2246"]
[BlackElo "2196"]
[PlyCount "271"]
[EventDate "2013.01.26"]
[EventType "swiss"]
[EventRounds "5"]
[EventCountry "GGB"]
[SourceTitle "BritBase"]
[Source "www.saund.co.uk"]
[SourceDate "2018.02.10"]
[SourceVersion "1"]
[SourceVersionDate "2018.02.10"]
[SourceQuality "1"]

1. f4 d5 2. Nf3 Nf6 3. g3 c5 4. Bg2 Nc6 5. O-O g6 6. d3 Bg7 7. Qe1 O-O 8. c3
Rb8 9. Nbd2 d4 10. Nc4 b5 11. Nce5 Bb7 12. a4 a6 13. axb5 axb5 14. e4 dxc3 15.
bxc3 Nxe5 16. Nxe5 Nd7 17. Ng4 Nb6 18. Nf2 Na4 19. Bd2 Qd7 20. Rb1 Ba6 21. Qc1
c4 22. dxc4 bxc4 23. Rxb8 Rxb8 24. Rd1 Nb2 25. Re1 Nd3 26. Nxd3 cxd3 27. Qa1
Bc4 28. Rb1 Rc8 29. Rb4 e5 30. h3 Be6 31. Kh2 Qc7 32. f5 gxf5 33. Qa6 Bc4 34.
Qa1 f4 35. Bf3 fxg3+ 36. Kxg3 Be6 37. Qb1 Qd8 38. Rb7 Kh8 39. Bg4 Bxg4 40. hxg4
Kg8 41. Qf1 Rc7 42. Rxc7 Qxc7 43. Qxd3 h6 44. Be3 Bf8 45. c4 Bc5 46. Bxh6 Qb6
47. Bd2 Bf2+ 48. Kg2 Bd4 49. Kh3 Qb2 50. Be3 Bxe3 51. Qxe3 Qc2 52. c5 Kh7 53.
Kg3 Kg6 54. Kf3 f6 55. Kg3 Qc4 56. Kf2 Qc2+ 57. Kf1 Qd1+ 58. Kf2 Qc2+ 59. Ke1
Kg7 60. g5 Qb1+ 61. Kf2 Qb2+ 62. Kg3 fxg5 63. Qxg5+ Kf7 64. Qf5+ Ke7 65. Qh7+
Ke6 66. Qg6+ Ke7 67. Qd6+ Kf7 68. Kg4 Qc1 69. Qxe5 Qg1+ 70. Kf3 Qf1+ 71. Ke3
Qe1+ 72. Kd3 Qd1+ 73. Kc4 Qa4+ 74. Kd5 Qa2+ 75. Kc6 Qa6+ 76. Kd7 Qb7+ 77. Qc7
Qxe4 78. Kd8+ Kf8 79. Qd6+ Kf7 80. c6 Qe8+ 81. Kc7 Qa8 82. Qd5+ Kg6 83. Qe4+
Kf7 84. Kd7 Kf6 85. Qd4+ Kf7 86. Qf4+ Kg7 87. c7 Qd5+ 88. Qd6 Qb5+ 89. Kd8 Qa5
90. Ke8 Qh5+ 91. Kd8 Qa5 92. Qe7+ Kg8 93. Qe8+ Kg7 94. Qe4 Kf7 95. Qc4+ Kf8 96.
Kd7 Qf5+ 97. Qe6 Qb5+ 98. Kd8 Qa5 99. Qf6+ Kg8 100. Kd7 Qa7 101. Qg5+ Kf7 102.
Qd5+ Kf8 103. Kd8 Qb6 104. Kd7 Qa7 105. Qf3+ Kg7 106. Qg4+ Kf7 107. Qh5+ Kf8
108. Qe5 Kf7 109. Qd5+ Kf8 110. Kc8 Ke8 111. Qe4+ Kf7 112. Qb7 Qe3 113. Kb8 Qf4
114. Qc6 Qb4+ 115. Ka8 Qa5+ 116. Kb7 Qb4+ 117. Qb6 Qe4+ 118. Ka7 Qa4+ 119. Qa6
Qd4+ 120. Kb8 Qb4+ 121. Qb7 Qf4 122. Qb3+ Ke7 123. Qa3+ Kd7 124. Qd3+ Ke7 125.
Qd8+ Kf7 126. Qd5+ Ke7 127. Qc5+ Kd7 128. Qb5+ Ke7 129. Kb7 Qe4+ 130. Ka6 Qe6+
131. Kb7 Qe4+ 132. Kb8 Qf4 133. Qb1 Kd7 134. Qd1+ Kc6 135. Qc2+ Kd7 136. Qf5+
1-0

[Event "Gibraltar ChallWk2 11th"]
[Site "Gibraltar"]
[Date "2013.01.30"]
[Round "5.2"]
[White "O'Toole, George E"]
[Black "Varga, Klara"]
[Result "1-0"]
[WhiteElo "2204"]
[BlackElo "2207"]
[PlyCount "53"]
[EventDate "2013.01.26"]
[EventType "swiss"]
[EventRounds "5"]
[EventCountry "GGB"]
[SourceTitle "BritBase"]
[Source "www.saund.co.uk"]
[SourceDate "2018.02.10"]
[SourceVersion "1"]
[SourceVersionDate "2018.02.10"]
[SourceQuality "1"]

1. e4 e6 2. d4 d5 3. e5 c5 4. c3 Nc6 5. Nf3 Bd7 6. Be2 cxd4 7. cxd4 Nh6 8. O-O
f6 9. Re1 Nf7 10. Nc3 Be7 11. Bd3 fxe5 12. dxe5 Bc8 13. a3 g6 14. b4 Ng5 15.
Nxg5 Bxg5 16. Qg4 Bxc1 17. Raxc1 Kf7 18. h4 Kg7 19. h5 g5 20. b5 Na5 21. Ne2
Kh6 22. Nd4 Qe7 23. Nf3 Rg8 24. Nh2 Nb3 25. Rc3 Nc5 26. Qf3 Kg7 27. Rxc5 1-0

[Event "Gibraltar ChallWk2 11th"]
[Site "Gibraltar"]
[Date "2013.01.30"]
[Round "5.3"]
[White "Meszaros, Gyula"]
[Black "Janev, Pavel"]
[Result "0-1"]
[WhiteElo "2248"]
[BlackElo "2126"]
[PlyCount "72"]
[EventDate "2013.01.26"]
[EventType "swiss"]
[EventRounds "5"]
[EventCountry "GGB"]
[SourceTitle "BritBase"]
[Source "www.saund.co.uk"]
[SourceDate "2018.02.10"]
[SourceVersion "1"]
[SourceVersionDate "2018.02.10"]
[SourceQuality "1"]

1. Nf3 c5 2. e3 g6 3. d4 Bg7 4. c3 Nf6 5. Nbd2 Qc7 6. Be2 d5 7. O-O O-O 8. b3
b6 9. Ba3 a5 10. c4 dxc4 11. Bxc4 Ba6 12. Rc1 Bxc4 13. Rxc4 Na6 14. dxc5 b5 15.
Rc1 Nb4 16. Bxb4 axb4 17. Qe2 Nd5 18. Ne4 f5 19. Neg5 Qc6 20. Nd4 Bxd4 21. exd4
Nf4 22. Qf3 Qxf3 23. Nxf3 Ne2+ 24. Kh1 Nxc1 25. Rxc1 Rxa2 26. Kg1 Rb2 27. h4
Rxb3 28. Ne5 Rc8 29. c6 Rc3 30. Rb1 b3 31. d5 Rc7 32. f4 Kf8 33. Rb2 e6 34. d6
R7xc6 35. Nxc6 Rxc6 36. Rxb3 Rb6 0-1

[Event "Gibraltar ChallWk2 11th"]
[Site "Gibraltar"]
[Date "2013.01.30"]
[Round "5.4"]
[White "Pinho, Paulo"]
[Black "Storey, Charles H"]
[Result "1-0"]
[WhiteElo "2128"]
[BlackElo "2245"]
[PlyCount "117"]
[EventDate "2013.01.26"]
[EventType "swiss"]
[EventRounds "5"]
[EventCountry "GGB"]
[SourceTitle "BritBase"]
[Source "www.saund.co.uk"]
[SourceDate "2018.02.10"]
[SourceVersion "1"]
[SourceVersionDate "2018.02.10"]
[SourceQuality "1"]

1. d4 Nf6 2. c4 c5 3. d5 b5 4. cxb5 a6 5. f3 d6 6. e4 g6 7. Na3 Bg7 8. Ne2 O-O
9. Nc3 Nh5 10. Be2 e6 11. O-O Bd4+ 12. Kh1 Qf6 13. Nc4 e5 14. Nb6 Ra7 15. f4
Qh4 16. Bxh5 gxh5 17. f5 Kh8 18. Bh6 Rg8 19. Nxc8 Rxc8 20. f6 Bxc3 21. Bg7+ Kg8
22. bxc3 axb5 23. Rf5 Nd7 24. Qe2 Rca8 25. h3 Ra4 26. Qd2 Rxe4 27. Qh6 Raa4 28.
Rxh5 Re1+ 29. Rxe1 Qxe1+ 30. Kh2 Qe4 31. Rg5 Qf4+ 32. Rg3 Qxh6 33. Bxh6+ Kh8
34. Rg7 Rh4 35. Bg5 Rh5 36. Rxf7 Rxg5 37. Rxd7 h5 38. Rxd6 Kh7 39. Rc6 e4 40.
Rc7+ Kg6 41. f7 Kg7 42. d6 e3 43. Re7 Rd5 44. d7 e2 45. Rxe2 Kxf7 46. Re5 Rxd7
47. Rxc5 Rd2 48. Rxb5 Rxa2 49. Rxh5 Rc2 50. Rc5 Ke6 51. h4 Kd6 52. Rc8 Kd7 53.
Rc4 Ke6 54. Kh3 Kf5 55. g4+ Ke5 56. h5 Kd5 57. Rc8 Ke4 58. h6 Kf4 59. h7 1-0

[Event "Gibraltar ChallWk2 11th"]
[Site "Gibraltar"]
[Date "2013.01.30"]
[Round "5.5"]
[White "Nikolaidis, Konstantinos"]
[Black "Elishev, Ivan"]
[Result "1-0"]
[WhiteElo "2233"]
[BlackElo "2185"]
[PlyCount "159"]
[EventDate "2013.01.26"]
[EventType "swiss"]
[EventRounds "5"]
[EventCountry "GGB"]
[SourceTitle "BritBase"]
[Source "www.saund.co.uk"]
[SourceDate "2018.02.10"]
[SourceVersion "1"]
[SourceVersionDate "2018.02.10"]
[SourceQuality "1"]

1. e4 c5 2. Nf3 g6 3. Bc4 Bg7 4. c3 Nf6 5. e5 Ng4 6. d4 d5 7. Bb3 h5 8. h3 Nh6
9. dxc5 e6 10. Be3 Nf5 11. Bd4 Nd7 12. Ba4 Qc7 13. O-O Kf8 14. Bxd7 Bxd7 15.
Re1 h4 16. Nbd2 Bh6 17. Nh2 Bg5 18. Ng4 Be7 19. Nf6 Bc6 20. Nf3 a5 21. a4 Kg7
22. Ng4 Bd7 23. b4 Nxd4 24. Qxd4 axb4 25. cxb4 Rxa4 26. Nf6 Bb5 27. Rxa4 Bxa4
28. Ra1 Bb5 29. Re1 Bc4 30. Nxh4 Qc6 31. Nf3 Qa4 32. Rb1 Qc2 33. Rb2 Qc1+ 34.
Kh2 Bb5 35. Rd2 Qb1 36. Ng4 Qf5 37. Kg1 Qb1+ 38. Rd1 Qb3 39. Ra1 Be2 40. Nd2
Qc2 41. Ne3 Qd3 42. Nf3 Qb3 43. Nd2 Qd3 44. Qxd3 Bxd3 45. Ra3 Be2 46. Ra7 Ba6
47. Nf3 Rc8 48. Nd4 Rc7 49. f4 Bd3 50. Kf2 Be4 51. Nb5 Rd7 52. c6 Rd8 53. c7
Rc8 54. Nd6 Rxc7 55. Ne8+ Kh7 56. Nxc7 d4 57. Nc4 Bxb4 58. Ra4 Bc5 59. Nd6 d3+
60. Ke1 Bxg2 61. Kd2 Bf1 62. Nxf7 Kg7 63. Nd6 Kh6 64. Nxb7 Bf2 65. Nxe6 Bxh3
66. Ng5 Bf5 67. Nd6 Bg4 68. Kxd3 Kh5 69. Ra2 Bg3 70. Ke3 Bd7 71. Ra7 Bc6 72.
Rc7 Ba8 73. Nde4 Kg4 74. Nxg3 Kxg3 75. Rg7 Kg4 76. Rxg6 Kf5 77. Rf6+ Kg4 78. e6
Bc6 79. e7 Bd7 80. Rf8 1-0